00649cam a22002173a 450000100060000000300060000600500170001200800410002904000150007004200070008505000070009210000330009924501010013226000290023350600300026251600200029265300270031270000210033983000290036085600420038925891PGUSA20140828083545.0080624s2008||||xxu|||||s|||||000 | eng d aPGUSAbeng adc 4aBV1 aMüller, George,d1805-189810aAnswers to Prayer :bFrom George Müller's Narrativesh[electronic resource] /cGeorge Müller bProject Gutenberg,c2008 aPublic domain in the USA. aElectronic text aPrayer -- Christianity1 aBrooks, A. E. C. 0aProject Gutenbergv2589140uhttp://www.gutenberg.org/ebooks/25891